|
|
|
|
| LEADER |
01260nam a2200277 a 4500 |
| 001 |
0017849 |
| 003 |
BD-DhAAL |
| 008 |
090701s2007 sz a 000 0 eng d |
| 020 |
|
|
|a 294037354X (pbk.)
|
| 020 |
|
|
|a 9782940373543 (pbk.)
|
| 040 |
|
|
|a UKM
|c UKM
|d BTCTA
|a dYDXCP
|d BAKER
|d IJC
|d BD-DhAAL
|
| 082 |
0 |
4 |
|a 720.3
|2 22
|
| 100 |
|
|
|a Ambrose, Gavin.
|9 31985
|
| 245 |
1 |
4 |
|a The visual dictionary of architecture /
|c Gavin Ambrose and Paul Harris.
|
| 260 |
|
|
|a Lausanne ;
|a Worthing :
|b AVA Academia,
|c 2007.
|
| 300 |
|
|
|a 288 p. :
|b ill. ;
|c 16 cm
|
| 500 |
|
|
|a Include index.
|
| 526 |
|
|
|a ARC
|x Md. Shajjad Hossain,
Faculty members of the Department of Architecture
|
| 541 |
1 |
|
|e 0017849
|a Zeenat Book Supply Limited
|
| 650 |
|
0 |
|a Architecture
|v Dictionaries.
|9 31986
|
| 650 |
|
0 |
|a Picture dictionaries, English.
|9 31987
|
| 700 |
1 |
|
|a Harris, Paul
|q (Paul Arthur),
|d 1971-
|9 31988
|
| 852 |
4 |
|
|a Ayesha Abed Library
|c General Stacks
|
| 942 |
|
|
|2 ddc
|c BK
|
| 999 |
|
|
|c 7372
|d 7372
|
| 952 |
|
|
|0 0
|1 4
|2 ddc
|4 0
|6 720_300000000000000_AMB
|7 0
|9 7876
|a BRACUL
|b BRACUL
|c GEN
|d 2010-02-09
|e Zeenat Book Supply Limited
|g 2018.00
|l 0
|o 720.3 AMB
|p 3010017849
|r 2010-02-09
|t 1
|w 2010-02-09
|y BK
|x Koha Inventory 2020 ; Requisitioned by Md. Shajjad Hossain (Faculty members of the Department of Architecture).
|